书目信息 |
| 书名: | Old tales of China | |
| 作者: | Li Nianpei | |
| 分册号: | ||
| 分册名: | 出版地: | Beijing : |
|
| 出版社: | China Travel and Tourism Pr | |
| 出版时间: | 1981. | |
| 页数: | 185 p. | |
| 开本: | ||
| 丛书名: | ||
| 中图分类号: | ||
| 科图分类号: | ||
| 其他分类号: | H319.4 | |
| 主题词: | ||
| 电子资源: | ||
| 000 | 00765nam 2200241 a 4500 | |
| 001 | E0734935195 | |
| 005 | 20070210094406.70 | |
| 008 | uu | |
| 020 | @cCNY1.10. | |
| 040 | @aNLC | |
| 041 | 1 | @aeng @hchi |
| 043 | @aa-cc--- | |
| 049 | @aN5LA | |
| 090 | @a2C/I277.3/LNP///////////960775/966862/ cop.2 | |
| 090 | @aH319.4 | |
| 096 | @aI277.3 @v2 | |
| 099 | @dH319.4@ex492 | |
| 100 | 1 | @aLi, Nianpei. |
| 245 | 10 | @aOld tales of China / @cLi Nianpei |
| 260 | @aBeijing :@bChina Travel and Tourism Pr.,@c1981. | |
| 300 | @a185 p. | |
| 650 | 0 | @aTales @zChina. @b00 @c20020930 @lNLC09 @h2246 @lNLC09 @h2303 @lNLC09 @h1854 @b40 @c20030221 @lNLC09 @h1814 @b40 @c20030221 @lNLC09 @h1814 @b40 @c20030603 @lNLC09 @h0813 |
| 852 | 9 | @bWWJC @cJ08S @k2C @hI277.3 @iLNP |
| Old tales of China / / Li Nianpei.-Beijing : : China Travel and Tourism Pr., , 1981. |
| 185 p. |
| ISBN CNY1.10. |
| ● |
| 相关链接 |
|
|
|
|
正题名:Old tales of China
索取号:H319.4/x492
 
预约/预借
| 序号 | 登录号 | 条形码 | 馆藏地/架位号 | 状态 | 备注 |
| 1 | 68516 | 000445478 | 第四借阅区/ [索取号:H319.4/x492] | 在馆 | |
| 2 | 68517 | 000445806 | 第四借阅区/ [索取号:H319.4/x492] | 在馆 | |
| 3 | 68518 | 000445557 | 第四借阅区/ [索取号:H319.4/x492] | 在馆 | |
| 4 | 68519 | 000445511 | 第四借阅区/ [索取号:H319.4/x492] | 在馆 | |
| 5 | 68520 | 000445762 | 第四借阅区/ [索取号:H319.4/x492] | 在馆 | |
| 6 | 68521 | 000445879 | 第四借阅区/ [索取号:H319.4/x492] | 在馆 | |
| 7 | 68522 | 000445593 | 第四借阅区/ [索取号:H319.4/x492] | 在馆 | |
| 8 | 68523 | 000445913 | 第四借阅区/ [索取号:H319.4/x492] | 在馆 |